Research methods in applied linguistics : (Record no. 22068)
[ view plain ]
| 000 -LEADER | |
|---|---|
| fixed length control field | 02762cam a22003495a 4500 |
| 001 - CONTROL NUMBER | |
| control field | 18511162 |
| 003 - CONTROL NUMBER IDENTIFIER | |
| control field | EG-ScBUE |
| 005 - DATE AND TIME OF LATEST TRANSACTION | |
| control field | 20220508103733.0 |
| 008 - FIXED-LENGTH DATA ELEMENTS--GENERAL INFORMATION | |
| fixed length control field | 150302s2015 enka f bd 001 0 eng d |
| 020 ## - INTERNATIONAL STANDARD BOOK NUMBER | |
| International Standard Book Number | 1472525019 |
| 020 ## - INTERNATIONAL STANDARD BOOK NUMBER | |
| International Standard Book Number | 9781472525017 |
| 040 ## - CATALOGING SOURCE | |
| Original cataloging agency | DLC |
| Language of cataloging | eng |
| Description conventions | rda |
| Transcribing agency | DLC |
| Modifying agency | EG-ScBUE |
| 082 04 - DEWEY DECIMAL CLASSIFICATION NUMBER | |
| Classification number | 418.0072 |
| Edition number | 22 |
| Item number | RES |
| 245 00 - TITLE STATEMENT | |
| Title | Research methods in applied linguistics : |
| Remainder of title | a practical resource / |
| Statement of responsibility, etc | edited by Brian Paltridge and Aek Phakiti. |
| 264 #1 - PUBLICATION, DISTRIBUTION, ETC. (IMPRINT) | |
| Place of publication, distribution, etc | London ; |
| -- | New York : |
| Name of publisher, distributor, etc | Bloomsbury Academic, |
| Date of publication, distribution, etc | 2015. |
| 300 ## - PHYSICAL DESCRIPTION | |
| Extent | xv, 590 pages : |
| Other physical details | illustrations ; |
| Dimensions | 25 cm. |
| 336 ## - CONTENT TYPE | |
| Source | rdacontent |
| Content type term | text |
| Content type code | txt |
| 337 ## - MEDIA TYPE | |
| Source | rdamedia |
| Media type term | unmediated |
| Media type code | n |
| 338 ## - CARRIER TYPE | |
| Source | rdacarrier |
| Carrier type term | volume |
| Carrier type code | nc |
| 490 0# - SERIES STATEMENT | |
| Series statement | Research methods in linguistics |
| 500 ## - GENERAL NOTE | |
| General note | Includes glossary.<br/> |
| 504 ## - BIBLIOGRAPHY, ETC. NOTE | |
| Bibliography, etc | Includes bibliographical references and index.<br/> |
| 505 ## - FORMATTED CONTENTS NOTE | |
| Formatted contents note | Approaches and methods in applied linguistics research / Aek Phakiti and Brian Paltridge -- Quantitative research and analysis / Aek Phakiti -- Qualitative research and analysis / Adrian Holliday -- Mixed methods research and analysis / Nataliya V. Ivankova and Jennifer L. Greer -- Survey research / Elvis Wagner -- Experimental research / Susan Gass --<br/>7. Case studies / Christine Pearson Casanave -- Ethnographic research / Sue Starfield -- Critical research in applied linguistics / Steven Talmy -- Narrative inquiry / Gary Barkhuizen -- Action research / Anne Burns -- Discourse analysis / Brian Paltridge and Wei Wang -- Research synthesis / Lourdes Ortega --<br/>Ethics and applied linguistics research / Peter De Costa --<br/>Developing a research project / Brian Paltridge and Aek Phakiti -- Researching speaking / Rebecca Hughes -- Researching listening / Larry Vandergrift -- Researching reading / Marie Stevenson -- Researching writing / Ken Hyland -- Researching grammar / Neomy Storch -- Researching vocabulary / David Hirsh -- Researching pragmatics / Carsten Roever -- Researching motivation / Lindy Woodrow -- Researching language learner strategies / Heath Rose -- Researching young learners / Annamaria Pinter -- Researching language classrooms / Lesley Harbon and Hizhong Shen -- Researching language testing and assessment / John Read -- Researching teachers' beliefs / Simon Borg -- Researching language and gender / Jane Sunderland -- Researching language and identity / David Block -- Researching language teacher education / Simon Borg. |
| 650 #7 - SUBJECT ADDED ENTRY--TOPICAL TERM | |
| Topical term or geographic name as entry element | Applied linguistics |
| General subdivision | Research. |
| Source of heading or term | BUEsh |
| 9 (RLIN) | 40534 |
| 650 #7 - SUBJECT ADDED ENTRY--TOPICAL TERM | |
| Topical term or geographic name as entry element | Applied linguistics |
| General subdivision | Methodology. |
| Source of heading or term | BUEsh |
| 9 (RLIN) | 40533 |
| 651 ## - SUBJECT ADDED ENTRY--GEOGRAPHIC NAME | |
| Source of heading or term | BUEsh |
| 653 ## - INDEX TERM--UNCONTROLLED | |
| Arrived date list | July2016 |
| Resource For college | Humanities: English |
| 655 ## - INDEX TERM--GENRE/FORM | |
| Form subdivision | Reading book |
| 9 (RLIN) | 34232 |
| 700 1# - ADDED ENTRY--PERSONAL NAME | |
| Personal name | Paltridge, Brian, |
| Relator term | editor. |
| 9 (RLIN) | 40531 |
| 700 1# - ADDED ENTRY--PERSONAL NAME | |
| Personal name | Phakiti, Aek, |
| Relator term | editor. |
| 9 (RLIN) | 40532 |
| 942 ## - ADDED ENTRY ELEMENTS (KOHA) | |
| Source of classification or shelving scheme | Dewey Decimal Classification |
| Edition | 22 |
| Call number prefix | 418.0072 RES |
| Koha item type | Book - Borrowing |
| Withdrawn status | Lost status | Source of classification or shelving scheme | Damaged status | Not for loan | Collection code | Home library | Current library | Shelving location | Date acquired | Source of acquisition | Cost, normal purchase price | Serial Enumeration / chronology | Total Checkouts | Total Renewals | Full call number | Barcode | Date last seen | Date checked out | Cost, replacement price | Price effective from | Koha item type |
|---|---|---|---|---|---|---|---|---|---|---|---|---|---|---|---|---|---|---|---|---|---|
| Dewey Decimal Classification | Baccah | Central Library | Central Library | Second Floor | 28/07/2016 | Purchase | 755.00 | 25968 | 2 | 9 | 418.0072 RES | 000032943 | 15/07/2025 | 15/03/2025 | 944.00 | 28/07/2016 | Book - Borrowing |